<?xml version="1.0" encoding="UTF-8"?><?xml-stylesheet type="text/xsl" href="static/style.xsl"?><OAI-PMH xmlns="http://www.openarchives.org/OAI/2.0/" xmlns:xsi="http://www.w3.org/2001/XMLSchema-instance" xsi:schemaLocation="http://www.openarchives.org/OAI/2.0/ http://www.openarchives.org/OAI/2.0/OAI-PMH.xsd"><responseDate>2026-04-17T00:39:45Z</responseDate><request verb="GetRecord" identifier="oai:www.recercat.cat:2072/421044" metadataPrefix="marc">https://recercat.cat/oai/request</request><GetRecord><record><header><identifier>oai:recercat.cat:2072/421044</identifier><datestamp>2025-05-15T19:53:34Z</datestamp><setSpec>com_2072_98</setSpec><setSpec>col_2072_378196</setSpec></header><metadata><record xmlns="http://www.loc.gov/MARC21/slim" xmlns:dcterms="http://purl.org/dc/terms/" xmlns:xsi="http://www.w3.org/2001/XMLSchema-instance" xmlns:doc="http://www.lyncode.com/xoai" xsi:schemaLocation="http://www.loc.gov/MARC21/slim http://www.loc.gov/standards/marcxml/schema/MARC21slim.xsd">
   <leader>00925njm 22002777a 4500</leader>
   <datafield ind2=" " ind1=" " tag="042">
      <subfield code="a">dc</subfield>
   </datafield>
   <datafield ind2=" " ind1=" " tag="720">
      <subfield code="a">Fernández Gironès, Marc</subfield>
      <subfield code="e">author</subfield>
   </datafield>
   <datafield ind2=" " ind1=" " tag="720">
      <subfield code="a">Universitat Autònoma de Barcelona. Escola d'Enginyeria</subfield>
      <subfield code="e">author</subfield>
   </datafield>
   <datafield ind2=" " ind1=" " tag="260">
      <subfield code="c">2011</subfield>
   </datafield>
   <datafield ind2=" " ind1=" " tag="520">
      <subfield code="a">En aquest projecte es presenta l'aplicació per a dispositius mòbils Doppelganger. La seva funció és, a partir d'una fotografia, detectar la cara i mostrar la persona famosa de la nostra base de dades que més s'assembla a la persona en la fotografia. Per la implementació s'han utilitzat algoritmes de visió per computador i d'aprenentatge automàtic com per exemple el PCA i el K-Nearest Neighbor, tot utilitzant llibreries gratuïtes com són les OpenCV.</subfield>
   </datafield>
   <datafield ind2=" " ind1=" " tag="520">
      <subfield code="a">En este proyecto se presenta la aplicación para dispositivos móviles Doppelganger. Su función es, a partir de una fotografía, detectar la cara y mostrar el personaje famoso que más se parece a la persona de la fotografía. Para la implementación se han utilizado algoritmos de visión por computador y de aprendizaje automático como por ejemplo el PCA y el K-Nearest Neighbor, utilizando librerías gratuitas como las OpenCV.</subfield>
   </datafield>
   <datafield ind2=" " ind1=" " tag="520">
      <subfield code="a">In this project we present the mobile devices application called Doppelganger. Its goal is to detect the face from a picture and to show the celebrity from our database that is most similar to the person in the photo. Computer vision and machine learning algorithms, from the Open Source libraries OpenCV, such as the PCA and the K-Nearest Neighbor have been used for the implementation.</subfield>
   </datafield>
   <datafield tag="653" ind2=" " ind1=" ">
      <subfield code="a">Imatges Processament Tècniques digitals</subfield>
   </datafield>
   <datafield ind2="0" ind1="0" tag="245">
      <subfield code="a">Aplicació de visió per dispositius mòbils</subfield>
   </datafield>
</record></metadata></record></GetRecord></OAI-PMH>